000 00979naa a22002897u 4500
001 05524
003 HDC
007 cr bn ---aaaaa
008 210120s xx a b 001 0 eng
040 _aHDC
100 _aVerma, Mahesh,
_eauthor
_95781
245 0 _aOral Microflora, Oral Health and Probiotics /
_cby Mahesh Verma and Ruchika Roongta Nawal
260 _a[No Place] :
_b[publisher not identified],
_c[no year]
300 _a23 pages
336 _atext
_2rdacontent
337 _acomputer
_2rdamedia
338 _aonline resource
_2rdacarrier
500 _aOriginal from book
650 _aFood industry
_9536
650 _aFood
_91783
650 _aProbiotic food
_95755
700 _aNawal, Ruchika Roongta,
_eauthor
_95782
856 _zRequest full-text at [email protected]
942 _2lcc
942 _cCHAP
942 _kEBCH 002806
999 _c2848
_d2848